000 00345nam a22001457a 4500
020 _qPB.
040 _cFIZZA ISHAQ
082 _a005.1
_bLAN
100 _aSOMMERVILLE,LAN.
_989365
245 _aSOFTWARE ENGINEERING /
_cLAN SOMMERVILLE.
250 _a10th ED.
260 _aLONDON ;
_bPEARSON,
_c2016.
300 _a210 P. ;
942 _2ddc
_cBK
999 _c588132
_d588132